MARC

LEADER 00000nam1a2200000 4500
001 380566
005 20231101062704.0
011 |a 0131-2227 
035 |a (RuTPU)RU\TPU\prd\1714 
035 |a RU\TPU\prd\264 
090 |a 380566 
100 |a 20020220a19579999m y0rusy50 ca 
101 0 |a rus 
102 |a RU 
200 1 |a Мировая экономика и международные отношения  |e научный журнал  |f Российская академия наук (РАН), Институт мировой экономики и международных отношений им. Е. И . Примакова 
210 |a Москва  |c Наука  |d 2017-2019 
305 |a Издается с 1957 г. 
326 |a 12 номеров в год 
469 |0 (RuTPU)RU\TPU\subscr\51 
610 1 |a экономика 
610 1 |a мировая экономика 
610 1 |a международные отношения 
610 1 |a валютные отношения 
610 1 |a рынок труда 
610 1 |a макроэкономика 
610 1 |a экономические реформы 
610 1 |a рыночное хозяйство 
610 1 |a микроэкономика 
675 |a 339.9 
712 0 2 |a Российская академия наук (РАН)  |b Институт мировой экономики и международных отношений им. Е. И . Примакова  |c (Москва)  |2 stltpush  |3 (RuTPU)RU\TPU\col\241 
801 0 |a RU  |b 63413507  |c 20011210  |g PSBO 
801 2 |a RU  |b 63413507  |c 20210520  |g PSBO 
856 4 |u http://elibrary.ru/title_about.asp?id=7902 
856 4 |u http://www.imemo.ru/jour/meimo 
942 |c CR 
969 |0 001RU\TPU\subscr\51